[Event "18th Reykjavik op"]
[Site "Reykjavik ISL"]
[Date "1998.03.12"]
[Round "3.5"]
[White "Nijboer, Friso"]
[Black "Conquest, Stuart"]
[Result "1-0"]
[WhiteElo "2580"]
[BlackElo "2480"]
[EventDate "1998.03.10"]
[PlyCount "85"]

1.e4 e5 2.Nf3 Nc6 3.Bb5 g6 4.d4 exd4 5.Bg5 Be7 6.Bxe7 Qxe7 7.Bxc6 bxc6 8.
Qxd4 Nf6 9.Nc3 O-O 10.e5 Nd5 11.Nxd5 cxd5 12.Qxd5 Qb4+ 13.Qd2 Qe4+ 14.Qe3 
Qxe3+ 15.fxe3 f6 16.O-O fxe5 17.Nxe5 d6 18.Rxf8+ Kxf8 19.Rf1+ Kg7 20.Nf3 
a5 21.e4 a4 22.e5 dxe5 23.Nxe5 Be6 24.Ra1 Rd8 25.Nd3 Bc4 26.Ne1 g5 27.b3 
Bf7 28.Kf2 c5 29.Ke3 Re8+ 30.Kd2 Re4 31.Nf3 Bd5 32.Re1 Rg4 33.Re2 h6 34.
Ne1 Kf6 35.g3 c4 36.bxa4 c3+ 37.Kxc3 Rxa4 38.Rf2+ Ke6 39.Nd3 Rxa2 40.Nb4 
Ra3+ 41.Kb2 Re3 42.Nxd5 Kxd5 43.Rf6 1-0

[Event "18th Reykjavik op"]
[Site "Reykjavik ISL"]
[Date "1998.03.12"]
[Round "3.7"]
[White "Gausel, Einar"]
[Black "Vidarsson, Jon"]
[Result "1/2-1/2"]
[WhiteElo "2555"]
[BlackElo "2380"]
[EventDate "1998.03.10"]
[PlyCount "85"]

1.Nf3 Nc6 2.c4 e5 3.Nc3 Nf6 4.d3 Bb4 5.Bg5 Bxc3+ 6.bxc3 h6 7.Bh4 d6 8.e4 
Bd7 9.Be2 a6 10.a4 a5 11.Nd2 b6 12.Nf1 g5 13.Bg3 Ne7 14.h4 Ng6 15.hxg5 
hxg5 16.Rxh8+ Nxh8 17.Qd2 Ng8 18.Ne3 Ng6 19.Bg4 Nf4 20.f3 Bxg4 21.Nxg4 Nf6
22.Ne3 Qd7 23.Nf5 O-O-O 24.Bxf4 gxf4 25.Qb2 Rh8 26.Kf2 Ng8 27.Qb5 Ne7 28.
Qxd7+ Kxd7 29.Nxe7 Kxe7 30.d4 f6 31.Rb1 Kd7 32.Kg1 Kc6 33.Rb5 Rh7 34.Rb1 
Rh5 35.Kf2 Rh2 36.Rg1 Kd7 37.Ke2 Kc6 38.Kd3 Rh8 39.Kd2 Rh2 40.Ke1 Kd7 41.
Kf2 Kc6 42.Rb1 Rh8 43.Kg1 1/2-1/2

[Event "18th Reykjavik op"]
[Site "Reykjavik ISL"]
[Date "1998.03.12"]
[Round "3.8"]
[White "Ivanov, Mikhail M."]
[Black "Stefansson, Hannes Hlifar"]
[Result "1/2-1/2"]
[WhiteElo "2440"]
[BlackElo "2540"]
[EventDate "1998.03.10"]
[PlyCount "42"]

1.d4 Nf6 2.c4 e6 3.g3 d5 4.Nf3 Be7 5.Bg2 O-O 6.O-O dxc4 7.Qc2 a6 8.Qxc4 b5
9.Qc2 Bb7 10.Bg5 Nbd7 11.Bxf6 Nxf6 12.Nbd2 Rc8 13.Nb3 Be4 14.Qc3 Nd5 15.
Qc1 c5 16.dxc5 Bxc5 17.Nxc5 Bxf3 18.Bxf3 Qe7 19.Bxd5 Rxc5 20.Qe3 Rxd5 21.
Rfd1 Qd7 1/2-1/2

[Event "18th Reykjavik op"]
[Site "Reykjavik ISL"]
[Date "1998.03.12"]
[Round "3.9"]
[White "Rausis, Igors"]
[Black "Gunnarsson, Jon Viktor"]
[Result "1-0"]
[WhiteElo "2520"]
[BlackElo "2390"]
[EventDate "1998.03.10"]
[PlyCount "105"]

1.d4 d5 2.c4 c6 3.Nf3 Nf6 4.Qc2 e6 5.g3 Nbd7 6.Bg2 Bd6 7.O-O O-O 8.Nbd2 b6
9.e4 ( 9.b3 Bb7 10.e4 dxe4 11.Ng5 h6 12.Ngxe4 Nxe4 13.Nxe4 Be7 14.Bf4 Nf6 
15.Rad1 Nxe4 16.Bxe4 $11 {0-1 Balogh,P-Sarmir,M/Sala op 1994 (60)} ) 9...
dxe4 10.Nxe4 ( 10.Ng5 Bb7 ( 10...h6 11.Ngxe4 Nxe4 ( 11...Bc7 $2 12.Nxf6+ 
Nxf6 13.Bxc6 Rb8 14.Ne4 $16 {1-0 Vlasakova Petra-Martinkova Eva/Ch Czech 
Chess Union 1993 (33)} ) 12.Nxe4 Bc7 $14 ) 11.Ndxe4 Be7 12.Rd1 h6 13.Nxf6+
Nxf6 14.Nf3 ( 14.Ne4 Nxe4 15.Qxe4 Qc7 16.Bf4 Bd6 17.Be3 Qe7 $11 18.c5 $6 
bxc5 19.dxc5 Bxc5 20.Bxc5 Qxc5 21.Rd7 Qb6 22.Rad1 Rfd8 $15 {E-E 
Zupe,M-Stummer,A/Budapest FS02 IM-B 1994 (43)} ) 14...Qc8 15.c5 bxc5 16.
dxc5 Nd5 17.Bd2 a5 18.Rac1 Qc7 19.Qe4 Bf6 20.b3 Ba6 $11 {
Novikov,I-Varga,Z/Budapest Perenyi-B 1989/E-E (64)} ) 10...Nxe4 11.Qxe4 
Bb7 12.Qc2 ( 12.b3 Qc7 ( 12...Rb8 13.Bb2 Qe7 14.Rad1 Rfe8 15.Rfe1 Nf6 16.
Qc2 Rbc8 17.Ne5 Nd7 18.Ng4 Qg5 19.Ne3 Nf6 20.c5 Bc7 21.Nc4 $14 {
Fominikh,A-Henriksson,C/Helsinki open 1992/1-0 (74)} ) ( 12...Qe7 13.Rd1 
Rab8 14.Qc2 e5 15.c5 bxc5 16.dxe5 Nxe5 17.Ng5 f5 18.Bb2 h6 19.Nh3 c4 20.
Nf4 Kh7 21.bxc4 Ba6 22.Re1 $16 {1-0 Korsunsky,Y-Kiesekamp,M/1. Meisdorfer 
Schlo@fer turnier sp 1996 (30)} ) 13.Bb2 Be7 14.Rad1 Bf6 15.Qe2 Rac8 16.
Rfe1 ( 16.Ne5 Nxe5 17.dxe5 Be7 $14 ) 16...Rfd8 17.h4 c5 $11 ( 17...h6 18.
Bh3 Kh8 ( 18...c5 $11 ) 19.Nh2 c5 20.d5 Bxb2 21.Qxb2 exd5 22.cxd5 Qd6 $11 
( 22...Re8 23.Ng4 Rxe1+ 24.Rxe1 Qd6 $11 ( 24...Bxd5 $2 25.Nxh6 $16 {0-1 
Cuartas,C-Duque,D/Bogota Lat Cup 1991 (34)} ) ) ) ) ( 12.Rd1 Nf6 13.Qc2 
Qe7 14.Re1 ( 14.b3 $14 ) 14...h6 15.Nh4 Qd7 $11 {0-1 
Kern,G-Leroy,A/Budapest FS07 IM 1994 (30)} ) ( 12.Ng5 Nf6 13.Qc2 Qe7 14.
Re1 g6 15.Bd2 Rfe8 16.Bc3 Qc7 17.d5 ( 17.b4 Be7 18.Rab1 b5 ( 18...Rad8 19.
h4 b5 20.c5 Nd5 21.Bd2 $14 {1-0 Quinteros,M-Varela,G/Open, Buenos Aires 
ARG 1997 (31)} ) 19.c5 Nd5 $1 $11 ) 17...e5 18.dxc6 Bxc6 19.Bxc6 Qxc6 20.
Rad1 Rac8 21.b3 $14 ) 12...h6 ( 12...Nf6 13.Rd1 Qe7 14.Re1 Rfe8 15.Bg5 h6 
16.Bxf6 Qxf6 17.c5 bxc5 18.dxc5 Bc7 19.Re3 Rad8 20.Rae1 Re7 $11 ( 20...Ba5
$6 21.b4 $1 Bc7 22.Ne5 $14 {1-0 Martin,A-Gunnarsson,J/Hafnarfjordur open 
1995 (37)} ) ) 13.Be3 ( 13.b3 Rb8 ( 13...c5 14.Ng5 hxg5 15.Bxb7 Rb8 16.Bg2
( 16.dxc5 Be5 17.Bb2 Bxb2 18.Qxb2 Rxb7 19.c6 Rc7 20.cxd7 Rxd7 $11 ) 16...
cxd4 17.Rd1 e5 ( 17...Qf6 18.Qd2 d3 19.Rb1 Ne5 20.Qxg5 $14 ) 18.Qf5 g6 19.
Qxg5 Qxg5 20.Bxg5 f6 21.Bh6 Rfd8 $132 ) 14.Bb2 c5 $11 ) 13...c5 $2 ( 13...
Qc7 14.c5 Be7 15.b4 $14 ) 14.Ng5 $1 $16 hxg5 15.Bxb7 Rb8 16.Bg2 ( 16.dxc5 
Nxc5 17.Bg2 $16 ) 16...cxd4 17.Bxd4 Qe7 ( 17...Qc7 18.b3 $16 ) 18.Rad1 
Rfd8 19.b3 Bc5 ( 19...Be5 20.Be3 $16 ) 20.Bc3 Nf6 ( 20...a6 21.Qe2 Bb4 ( 
21...b5 22.Bc6 b4 ( 22...bxc4 23.Bxd7 $1 $18 ) 23.Bxg7 $3 Kxg7 24.Bxd7 Bd6
( 24...Rxd7 25.Rxd7 Qxd7 26.Qe5+ $18 ) 25.Bc6 $16 ) 22.Bb2 Ba3 23.Ba1 $16 
) 21.Rd2 ( 21.Rxd8+ Rxd8 22.Rd1 Ng4 23.Be1 Ne5 24.h3 Rxd1 25.Qxd1 Qd6 26.
Qxd6 Bxd6 27.Bc3 $16 ) 21...Nd7 $6 ( 21...Rxd2 22.Qxd2 g4 23.Rd1 a5 $16 ) 
22.Rfd1 Nf8 23.b4 $1 Bd6 ( 23...Bxb4 24.Bxb4 Qxb4 25.Rxd8 $18 ) 24.Qa4 ( 
24.Qe4 $16 ) 24...Rbc8 ( 24...Qc7 25.Qb5 $16 ) 25.Qb5 f6 26.a4 Qc7 ( 26...
Bb8 27.h3 Rxd2 28.Rxd2 Rd8 29.c5 Rxd2 30.Bxd2 Bc7 31.Be3 $16 ) 27.c5 $1 ( 
27.Qa6 $16 ) 27...Be7 ( 27...bxc5 28.bxc5 Be7 29.c6 $16 ) 28.c6 Bd6 29.Qa6
( 29.h3 $16 ) 29...Rb8 30.Qc4 Kf7 31.Bf3 ( 31.b5 $18 ) 31...Rbc8 32.Kg2 
Be7 33.b5 Rxd2 34.Rxd2 Rd8 35.Rxd8 Bxd8 36.Bh5+ g6 37.Bf3 Nd7 38.Qd4 ( 38.
Be2 Nc5 39.a5 $16 ) 38...Ne5 ( 38...Nc5 39.a5 $16 ) 39.Qe3 Nxf3 ( 39...g4 
40.Be4 f5 ( 40...g5 41.Qe2 Ke7 42.Bxe5 Qxe5 43.Qxg4 Qd4 44.h4 gxh4 45.Qxh4
Qxa4 46.Qh7+ Kd6 47.Qd7+ Kc5 48.Qxe6 $18 ) 41.Bxf5 $18 ) 40.Qxf3 $18 Qd6 
41.Bb2 Qd5 42.Qxd5 exd5 43.Kf3 Ke6 44.h3 Be7 45.Bd4 Bc5 $2 ( 45...f5 46.g4
Bd6 47.Ke2 $1 ( 47.a5 $2 bxa5 ( 47...Bc7 $2 48.a6 Kd6 49.Bf6 Kc5 50.gxf5 
gxf5 51.Bxg5 Kxb5 52.h4 Kxc6 53.h5 Be5 54.h6 Kb5 55.Be7 Bb2 56.Bf8 Bc1 57.
h7 Bb2 58.Kf4 Bh8 59.Bd6 d4 60.Be5 d3 61.Bxh8 d2 62.Bd4 d1=Q 63.h8=Q $16 )
48.Bxa7 a4 49.Bd4 a3 50.b6 a2 51.Ke2 Bc5 52.b7 Bd6 53.Kd3 Bc7 54.Kc2 Kd6 
55.Kb2 Kxc6 56.Bf6 Kxb7 57.Bxg5 fxg4 58.hxg4 d4 $11 ) 47...Bc7 48.Kd3 Bd8 
49.a5 bxa5 50.Bxa7 a4 51.Bc5 $18 ) 46.Ke3 $6 ( 46.Bxf6 $18 ) ( 46.Bxc5 
bxc5 47.a5 Kd6 48.a6 $11 ) 46...Kd6 $6 ( 46...f5 47.g4 Bd6 48.Kd3 $18 ) 
47.Kd3 Ke7 $6 ( 47...f5 48.Be5+ Ke6 49.f3 Ba3 50.Bb8 $18 ) 48.Bxf6+ Ke6 
49.Bd4 ( 49.Bxg5 Bxf2 50.Bf4 g5 51.Bb8 $18 ) 49...Kd6 50.f3 Ke6 51.Be3 Bd6
52.g4 Be7 53.Bd2 1-0

[Event "18th Reykjavik op"]
[Site "Reykjavik ISL"]
[Date "1998.03.12"]
[Round "3.10"]
[White "Jonsson, Bjorgvin"]
[Black "Davies, Nigel"]
[Result "1-0"]
[WhiteElo "2380"]
[BlackElo "2515"]
[EventDate "1998.03.10"]
[PlyCount "59"]

1.e4 {Petursson} 1...c5 2.Nf3 e6 3.d4 cxd4 4.Nxd4 a6 5.Nc3 d6 ( 5...b5 ) (
5...Qc7 ) 6.g4 ( 6.Be3 b5 7.a4 b4 8.Na2 Nf6 9.Nxb4 Bb7 $1 10.Bd3 d5 11.c3 
Nxe4 $6 ( 11...dxe4 $13 ) 12.Bxe4 dxe4 13.Qh5 $14 {Shirov-Kamsky,Linares 
1994} ) 6...Nc6 ( 6...b5 7.a3 ( 7.Bg2 Bb7 8.O-O b4 9.Nce2 Nf6 10.Ng3 h6 
11.a3 e5 12.Ndf5 bxa3 13.Rxa3 g6 14.Ne3 Nbd7 15.b4 $14 {Hort-Ree,1994 
Amsterdam} ) 7...h6 8.Bg2 Bb7 9.O-O Nd7 10.f4 Rc8 11.Be3 g5 $13 {
Short-Kasparov,1994 Amsterdam} ) ( 6...Ne7 7.g5 Nec6 8.Nde2 b5 9.a3 Nd7 
10.Bg2 Rb8 11.O-O Be7 12.f4 O-O 13.Kh1 Re8 $13 {Walther-Summermatter,1993 
Silvaplana} ) 7.Be3 Nge7 ( 7...Bd7 8.g5 Nge7 9.Nxc6 ( 9.Nde2 $1 $14 ) 9...
Nxc6 10.Bg2 Rc8 11.O-O Ne5 $1 $13 {Fedorovich-Elvest,New York 1994} ) 8.
Be2 $6 ( 8.g5 $5 ) ( 8.Nb3 ) ( 8.f4 ) 8...b5 9.a3 $5 Bb7 ( 9...Nxd4 $5 10.
Qxd4 Nc6 11.Qd2 Be7 12.O-O-O Rb8 $5 $132 {with idea b5-b4} ) 10.h4 Rc8 11.
g5 $5 Na5 $5 ( 11...Nxd4 $5 12.Qxd4 Nc6 13.Qd2 Be7 $132 ) 12.Qd2 e5 $6 ( 
12...Nc4 $5 13.Bxc4 Rxc4 $132 ) ( 12...d5 $1 $132 ) 13.Nf3 Nc4 ( 13...Rxc3
$5 14.Qxc3 Bxe4 $44 ) 14.Bxc4 Rxc4 15.O-O-O Qc7 $4 ( 15...Rxc3 $1 16.Qxc3 
Bxe4 $132 ) 16.Nxe5 $1 Rxc3 ( 16...dxe5 17.Bb6 $1 $18 ( 17.Bb6 $1 {
Petursson} 17...Qxb6 18.Qd7# ) ) 17.bxc3 Nc8 ( 17...dxe5 18.Bb6 $18 ) ( 
17...Bxe4 18.Rhe1 $18 ) 18.Nd3 d5 ( 18...Bxe4 19.Rhe1 ) ( 18...Qa5 19.Nb4 
$16 ) 19.Nb4 Qa5 ( 19...dxe4 {Petursson} 20.Bf4 Qe7 21.Rhe1 $18 ) 20.Qd4 
$5 ( 20.Kb2 $2 {Petursson} 20...Nd6 $132 ) 20...Qxa3+ 21.Kb1 Bxb4 22.Qxb4 
( 22.cxb4 {Petursson} 22...O-O 23.Bc1 Qf3 24.Bb2 f6 25.gxf6 Rxf6 26.Rhg1 
$18 ) 22...Qxb4+ 23.cxb4 $18 Nd6 24.exd5 Kd7 25.Rhe1 f5 26.h5 Re8 27.Bd4 
Rxe1 28.Rxe1 Bxd5 29.Kb2 Be6 30.Ra1 1-0

[Event "18th Reykjavik op"]
[Site "Reykjavik ISL"]
[Date "1998.03.12"]
[Round "3.11"]
[White "Bradbury, Neil"]
[Black "Mortensen, Erling"]
[Result "1/2-1/2"]
[WhiteElo "2360"]
[BlackElo "2510"]
[EventDate "1998.03.10"]
[PlyCount "97"]

1.d4 Nf6 2.c4 g6 3.Nf3 Bg7 4.g3 O-O 5.Bg2 d6 6.O-O c6 7.Nc3 Qa5 8.d5 Qb4 
9.Nd2 Bd7 10.a3 Qb6 11.h3 Rc8 12.Rb1 cxd5 13.Nxd5 Nxd5 14.cxd5 a5 15.Ne4 
Na6 16.Be3 Qb5 17.Nc3 Qc4 18.Bg5 Kf8 19.Rc1 Nc5 20.Ne4 Qb5 21.Nxc5 Rxc5 
22.Rxc5 Qxc5 23.Qb3 h6 24.Bd2 Qb5 25.Qxb5 Bxb5 26.b3 Bxe2 27.Rc1 f5 28.a4 
g5 29.Rc7 b5 30.Bf1 Bxf1 31.Kxf1 Rb8 32.Ra7 bxa4 33.bxa4 Rb2 34.Bxa5 Bd4 
35.Ra8+ Kf7 36.Be1 Kf6 37.a5 Ra2 38.Rf8+ Ke5 39.Re8 Ke4 40.Kg2 Ra1 41.
Rxe7+ Kxd5 42.Bd2 Ra2 43.Be1 f4 44.gxf4 gxf4 45.Kf3 Be5 46.Rh7 Ra3+ 47.Kg4
Ra1 48.Bd2 Ra2 49.Bxf4 1/2-1/2

[Event "18th Reykjavik op"]
[Site "Reykjavik ISL"]
[Date "1998.03.12"]
[Round "3.12"]
[White "Halldorsson, Bragi"]
[Black "Gallagher, Joseph"]
[Result "0-1"]
[WhiteElo "2285"]
[BlackElo "2490"]
[EventDate "1998.03.10"]
[PlyCount "122"]

1.d4 Nf6 2.c4 g6 3.Nc3 Bg7 4.e4 d6 5.Be2 O-O 6.Nf3 e5 7.O-O Na6 8.Re1 Qe8 
9.d5 Nc5 10.Nd2 a5 11.Rb1 Bd7 12.b3 Bh6 13.Bf1 Nh5 14.a3 f5 15.b4 axb4 16.
axb4 Na4 17.Nxa4 Bxa4 18.Nb3 Bxc1 19.Rxc1 fxe4 20.Rxe4 Qf7 21.f3 Nf6 22.
Re3 e4 23.Qd4 exf3 24.Rxf3 Bxb3 25.Rxb3 Nd7 26.Rf3 Qe7 27.Rxf8+ Rxf8 28.c5
Ne5 29.Be2 Qg5 30.Rf1 Rxf1+ 31.Kxf1 Qf6+ 32.Bf3 Qf5 33.Kf2 Qd3 34.Qh4 Qd2+
35.Be2 Nd3+ 36.Kf3 Ne5+ 37.Kf2 g5 38.Qe4 Kg7 39.h3 h6 40.g3 Kf6 41.cxd6 
cxd6 42.Kf1 Kg7 43.Kf2 Qc1 44.h4 Qd2 45.hxg5 hxg5 46.Kf1 Kf6 47.Kf2 Qc3 
48.Bf1 Qc8 49.Be2 Qh3 50.g4 Qh2+ 51.Ke1 Qf4 52.Qh7 Qxb4+ 53.Kd1 Qb3+ 54.
Ke1 Qc3+ 55.Kd1 Qa1+ 56.Kd2 Qa5+ 57.Kc2 Qa2+ 58.Kd1 Qxd5+ 59.Kc1 Ng6 60.
Kc2 Qf7 61.Qh1 Qa2+ 0-1

[Event "18th Reykjavik op"]
[Site "Reykjavik ISL"]
[Date "1998.03.12"]
[Round "3.14"]
[White "Hansen, Curt"]
[Black "Lehikoinen, Pertti"]
[Result "1-0"]
[WhiteElo "2595"]
[BlackElo "2250"]
[EventDate "1998.03.10"]
[PlyCount "67"]

1.e4 c5 2.Nf3 d6 3.d4 cxd4 4.Nxd4 Nf6 5.Nc3 a6 6.Be2 e5 7.Nb3 Be7 8.O-O 
O-O 9.Be3 Be6 10.Nd5 Nbd7 11.Qd3 Rc8 12.c4 Bxd5 13.exd5 Ne8 14.Rac1 f5 15.
f4 g5 16.fxe5 Nxe5 17.Qd1 Ng7 18.Nd4 Qd7 19.Kh1 Rce8 20.b4 f4 21.Bg1 g4 
22.Ne6 f3 23.gxf3 Nxe6 24.dxe6 Qxe6 25.f4 Qg6 26.Qd5+ Nf7 27.Bd3 Qg7 28.
Rc2 Bf6 29.Rg2 Kh8 30.Qh5 Nh6 31.h3 Bd4 32.Rxg4 Nxg4 33.Bxd4 Nf6 34.Bxf6 
1-0

[Event "18th Reykjavik op"]
[Site "Reykjavik ISL"]
[Date "1998.03.12"]
[Round "3.15"]
[White "Agdestein, Simen"]
[Black "Rasmussen, Rogvi"]
[Result "1-0"]
[WhiteElo "2570"]
[BlackElo "2115"]
[EventDate "1998.03.10"]
[PlyCount "113"]

1.d4 d5 2.c4 c6 3.Nc3 Nf6 4.Nf3 e6 5.e3 Nbd7 6.Bd3 dxc4 7.Bxc4 b5 8.Bd3 
Bb7 9.O-O a6 10.e4 c5 11.d5 Qc7 12.Bg5 c4 13.Rc1 e5 14.Bb1 Bc5 15.b3 Ba3 
16.Rc2 b4 17.Na4 c3 18.Re2 O-O 19.Ne1 a5 20.Bd3 Nb6 21.Bxf6 gxf6 22.Re3 
Kh8 23.Nxb6 Qxb6 24.Nc2 Bb2 25.Qh5 Rg8 26.Qxf7 Rg7 27.Qh5 Rag8 28.g3 Bc8 
29.Qd1 Bg4 30.Be2 Bd7 31.Kg2 a4 32.Bc4 axb3 33.axb3 Rc8 34.Qd3 Rg6 35.Rd1 
Qd6 36.Bb5 Rh6 37.Re2 Rg8 38.Kg1 Bg4 39.f3 Qc5+ 40.Qe3 Qxb5 41.fxg4 Rhg6 
42.h3 Qa5 43.Qd3 Qa7+ 44.Kg2 Qc5 45.Ne3 Ra8 46.d6 Rgg8 47.Nc4 Ba3 48.Rf2 
Rgf8 49.Qf3 Rad8 50.Qf5 Bb2 51.h4 Qa7 52.Nxb2 Qa2 53.Nc4 Qxb3 54.Ne3 Qa4 
55.g5 b3 56.gxf6 b2 57.f7 1-0

[Event "18th Reykjavik op"]
[Site "Reykjavik ISL"]
[Date "1998.03.12"]
[Round "3.16"]
[White "Akesson, Ralf"]
[Black "Bjornsson, Bjorn Freyr"]
[Result "1-0"]
[WhiteElo "2505"]
[BlackElo "2240"]
[EventDate "1998.03.10"]
[PlyCount "64"]

1.Nf3 f5 2.d4 Nf6 3.g3 g6 4.Bg2 Bg7 5.b3 O-O 6.Bb2 d6 7.O-O c6 8.c4 Qe8 9.
Qc2 Nbd7 $6 $146 ( 9...h6 {Dautov} 10.Nbd2 Qf7 11.Rae1 Na6 12.Bc3 $1 ( 12.
e4 $6 fxe4 13.Nxe4 Nxe4 14.Qxe4 Bf5 15.Qxe7 Bd3 $15 ) 12...Nc7 ( 12...g5 
13.e4 fxe4 14.Nxe4 Bd7 ( 14...Kh8 15.Nexg5 hxg5 16.Nxg5 Qh5 17.h4 Ng8 18.
d5 c5 19.Bxg7+ Kxg7 20.Qc3+ Rf6 21.Re3 Kf8 22.Rfe1 $44 {
Lputian-Malaniuk/URS-ch /1991} ) ( 14...Bg4 $5 15.Nxf6+ Qxf6 16.Re3 $14 {
Dreev} ) 15.Nxf6+ exf6 16.d5 $1 c5 17.Re6 $1 Nc7 18.Rxd6 Qe7 19.Rxd7 Qxd7 
20.Rd1 $1 Rad8 21.b4 $1 b6 22.bxc5 bxc5 23.d6 $1 Ne8 24.Qg6 $1 $16 {
Dreev-Malaniuk/URS-ch/1991} ) 13.e4 fxe4 14.Nxe4 Bf5 15.Nh4 Nxe4 16.Bxe4 
e6 ( 16...Rae8 $6 17.Nxf5 gxf5 18.Bg2 $16 ) 17.Nxf5 exf5 18.Bg2 $14 Rae8 
$6 ( 18...d5 $1 19.Qd3 Rad8 20.Re2 $14 ) 19.d5 $1 {
Makarov,M-Shovunov,B/RUS-ch Elista 1994/1-0(28)} ) 10.Nbd2 e5 11.dxe5 dxe5
12.e4 f4 ( 12...Nc5 13.Nxe5 Nfxe4 14.f4 $16 ) 13.c5 $1 {[%csl Re5][%cal 
Gd2c4,Yc4d6,Yb3b4] After this strong move black in few moves is geting 
completely losing position.} 13...Qe7 14.Nc4 {White's advantage is 
obvious: hard pressure on-e5,and advantages ini and i} 14...Ne8 $2 ( 14...
Nxc5 $142 15.Nfxe5 fxg3 16.hxg3 Be6 17.f4 $14 ) ( 14...Qxc5 $2 15.Ba3 ) 
15.b4 g5 $2 ( 15...b6 $142 16.Rad1 bxc5 17.bxc5 Ba6 ( 17...Nxc5 18.Nfxe5 
$16 ) 18.Bh3 $1 $36 ) 16.Bh3 $1 $18 {[%csl Re5] actually winning the game.
} 16...a5 ( 16...h5 17.Bxd7 Bxd7 18.Nfxe5 $18 {[%cal Ge5g6]} ) 17.Nxa5 h5 
( 17...Nc7 $142 18.Nc4 $18 ) 18.Qb3+ Kh8 19.Qe6 $1 Qd8 20.Nxb7 ( 20.Qg6 
$18 {[%csl Rg5,Rh5]} ) 20...Bxb7 21.Qxd7 g4 22.Qxb7 gxh3 23.Nxe5 Kg8 24.
Qxc6 Nc7 25.Rad1 Qg5 26.Qxc7 fxg3 27.hxg3 h4 28.Rd7 {[%cal Rd7g7]} 28...
hxg3 29.Rxg7+ Qxg7 30.Qxg7+ Kxg7 31.Nd7+ Kg8 32.Nxf8 Rxf8 1-0

[Event "18th Reykjavik op"]
[Site "Reykjavik ISL"]
[Date "1998.03.12"]
[Round "3.17"]
[White "Ward, Christopher"]
[Black "Edvardsson, Kristjan"]
[Result "1-0"]
[WhiteElo "2480"]
[BlackElo "2205"]
[EventDate "1998.03.10"]
[PlyCount "58"]

1.d4 d5 2.c4 c6 3.Nf3 Nf6 4.Nc3 dxc4 5.a4 Bf5 6.e3 e6 7.Bxc4 Bb4 8.O-O 
Nbd7 9.Qe2 Bg6 10.e4 Bxc3 11.bxc3 Nxe4 12.Ba3 Qc7 13.Rfc1 O-O-O 14.a5 Rhe8
15.Nh4 ( 15.Qb2 Kb8 16.Rcb1 Ka8 17.Bf1 e5 18.Re1 Nef6 19.Nd2 $44 {
Gligoric,S-Beliavsky,A/Belgrad/1987/} ) 15...Nd6 16.Bb3 e5 17.Nxg6 ( 17.
Qf3 Nf6 $1 $146 ( 17...Nb5 18.Nxg6 hxg6 19.Bxf7 $16 {
Magerramov-Damljanovic/Baku/1986/} ) 18.a6 $6 b6 19.c4 $2 Nde4 $1 20.c5 ( 
20.dxe5 Rxe5 $17 ) 20...Nd2 21.Qe3 Nxb3 22.Qxb3 b5 23.dxe5 Rd3 $17 {0-1 
Magerramov,E-Tukmakov,V/Helsinki op 1992 (37)} ) 17...hxg6 18.Qg4 Nf5 $2 {
Schwarz verfuegt ueber eine gro@ e Anzahl von M@ glichkeiten. Plausibel 
erscheint zum Beispiel die Fortsetzung} ( 18...Rh8 19.h3 exd4 20.cxd4 Nf5 
21.Bxf7 Nf6 22.Qxg6 Nxd4 {mit unklarer Stellung.} ) 19.Bxf7 Nf6 $2 ( {
Besser war} 19...Nh6 20.Qxg6 Nxf7 21.Qxf7 exd4 22.cxd4 Nf6 23.Qxc7+ Kxc7 
24.Bc5 $16 ) 20.Qxg6 $18 Nh4 21.Qxg7 Nf3+ 22.Kh1 Rh8 23.Be6+ Nd7 24.gxf3 
e4 25.Qg3 Rde8 26.Qxc7+ Kxc7 27.Bf7 Rb8 28.fxe4 Rh4 29.e5 c5 1-0

[Event "18th Reykjavik op"]
[Site "Reykjavik ISL"]
[Date "1998.03.12"]
[Round "3.18"]
[White "Cicak, Slavko"]
[Black "Halldorsson, Jon Arni"]
[Result "1-0"]
[WhiteElo "2480"]
[BlackElo "2185"]
[EventDate "1998.03.10"]
[PlyCount "53"]

1.e4 e6 2.d4 d5 3.exd5 exd5 4.c4 c6 5.Nc3 Nf6 6.Bg5 Be7 7.Bd3 Nbd7 8.c5 
Nf8 9.Nge2 Bg4 10.Qc2 Ne6 11.Be3 Bh5 12.h3 Bg6 13.O-O-O b6 14.cxb6 axb6 
15.g4 Bxd3 16.Qxd3 O-O 17.f4 Ne4 18.Nxe4 dxe4 19.Qxe4 Rxa2 20.Nc3 Ra1+ 21.
Kc2 Rxd1 22.Rxd1 Qc7 23.Kb1 Rd8 24.d5 Nc5 25.Bxc5 Bxc5 26.dxc6 Rc8 27.b4 
1-0

[Event "18th Reykjavik op"]
[Site "Reykjavik ISL"]
[Date "1998.03.12"]
[Round "3.19"]
[White "Hall, Jesper"]
[Black "Asgeirsson, Heimir"]
[Result "1-0"]
[WhiteElo "2460"]
[BlackElo "2140"]
[EventDate "1998.03.10"]
[PlyCount "62"]

1.d4 Nf6 2.Bg5 e6 3.e4 h6 4.Bxf6 Qxf6 5.Nc3 d6 6.Qd2 g6 7.O-O-O Bg7 8.f4 
O-O 9.Nf3 Nd7 10.g4 g5 11.f5 exf5 12.exf5 c6 13.h4 gxh4 14.Bd3 Re8 15.Rdg1
d5 16.g5 hxg5 17.Rxg5 Kf8 18.Rxh4 Ke7 19.Qh2 Kd8 20.Rh7 Bf8 21.Qh5 Re7 22.
Rg8 Kc7 23.Qh2+ Qd6 24.Qxd6+ Kxd6 25.Rhh8 b6 26.Ne5 Re8 27.Nxf7+ Ke7 28.
Ne5 Bh6+ 29.Kd1 Rxg8 30.Rxg8 Bb7 31.Rg6 Be3 1-0